000 00360nam a2200145 i 4500
001 bg
100 1 _aMOSZYŃSKI, Wacław.
245 O _aWykład elementów maszyn.
_nCz.3,
_pNapędy /
_cWacław Moszyński.
250 _aWyd.4 popr.
260 _aWarszawa,
_c1956.
040 _cBPK
041 _apol
942 _cKS
008 s pl f |000 0 pol
999 _c6037
_d6037
856 _uhttp://koha.tu.koszalin.pl/cgi-bin/koha/opac-detail.pl?biblionumber=6037
_yKatalog online BPK